000 00375nam a2200157Ia 4500
008 230524s9999 xx 000 0 und d
082 _a401
_bRAH
100 _aSyed Abdur Raheem
245 0 _aWrite Right A Task Based Approach
250 _a1ST
260 _aCHENNAI
_bScitech
_c2003
300 _a115
500 _aQuantity Number: 2
650 _aEnglish
942 _cBK
999 _c26549
_d26549